[Event "Lisbon zt"]
[Site "Lisbon"]
[Date "1993.??.??"]
[Round "5"]
[White "Fernandes, Antonio ETG"]
[Black "Illescas Cordoba, Miguel"]
[Result "0-1"]
[WhiteElo "2455"]
[BlackElo "2615"]
[Annotator "Blatny,P"]
[PlyCount "66"]
[EventDate "1993.03.??"]
[EventType "tourn"]
[EventRounds "11"]
[EventCountry "POR"]
[EventCategory "7"]
[SourceTitle "CBM 035"]
[Source "ChessBase"]
[SourceDate "1993.08.01"]
[SourceVersion "1"]
[SourceVersionDate "1993.08.01"]
[SourceQuality "1"]

1. e4 {Ftacnik} c5 2. c3 d6 3. d4 Nf6 4. dxc5 $6 (4. Bd3 $142 g6 5. h3 $1 {
/\Nf3+/=}) 4... Nc6 5. f3 dxc5 (5... d5 {Ftacnik} 6. exd5 Qxd5 7. Qxd5 Nxd5 8.
Bc4 e6 9. b4) 6. Qxd8+ Nxd8 7. Be3 e6 8. Na3 Be7 9. Bb5+ (9. Nb5 O-O 10. Nc7 $6
(10. O-O-O {Ftacnik} Bd7 11. Nd6 b6) 10... Rb8 11. Bf4 Nc6 $1 $8 12. Nb5 e5 $15
) 9... Bd7 10. O-O-O (10. Bxd7+ Nxd7 {/\e5,Ne6 ><c7:><d4,f4} (10... Kxd7 $5 11.
O-O-O+ Kc8 {/\Nc6,Rd8 =/+/=})) 10... Bxb5 11. Nxb5 O-O 12. g4 $5 (12. Nd6 b6
13. Ne2 Nc6 $10) (12. Ne2 {Ftacnik}) 12... Nc6 13. g5 Nh5 14. Rd7 a6 (14... b6
{Ftacnik} 15. Ne2 f6 16. Nc7 {xe6}) 15. Na3 (15. Nc7 $2 Rad8 16. Rxe7 (16. Rxd8
Bxd8 17. Bxc5 (17. Na8 Ba5 $19) 17... Bxc7 18. Bxf8 Kxf8 19. Ne2 Nf4 $17 {_|_})
16... Nxe7 17. Bxc5 Rd7 18. Bb6 Rc8 $19) (15. Nd6 {Ftacnik} Rfd8 16. Rxd8+ Rxd8
17. Nxb7 Rd3 18. Bxc5 (18. Bd2 Rd7) 18... Bxg5+ 19. Kc2 Rd2+ 20. Kb3 Rd7 21.
Nd6 Be7 22. Ne2 Bxd6 23. Rd1 Rb7+ $19) 15... b5 16. Ne2 f6 (16... Rfd8 17. Rhd1
$10 (17. Rc7 Rac8)) 17. h4 (17. gxf6 {Ftacnik} Nxf6 18. Rc7 Rac8 19. Rxc8 Rxc8
20. Rd1 Ne5 21. Ng1 c4 22. Nc2 Nd3+ 23. Kb1 e5) 17... Rad8 18. Rc7 Rc8 19. Rxc8
(19. Rd7 $142 Rfd8 20. Rhd1) 19... Rxc8 20. f4 $2 {><f4,<->c} (20. Rd1 $142 Kf7
$15 21. Rd7 $140 $2 Ne5 22. Ra7 b4 $1 23. Nc2 Nxf3 $17 {_|_}) 20... Nd4 $3 21.
Nxd4 (21. cxd4 cxd4+ 22. Nc2 (22. Kd2 dxe3+ 23. Kxe3 b4 $1 24. Nb1 Rc2 $19 {_|_
}) 22... d3 23. Nc3 $8 dxc2 24. Rh2 b4 25. Na4 Ng3 $17 {_|_}) (21. Bxd4 cxd4
22. Nb1 d3 $19) (21. Re1 {Ftacnik} Nxe2+ 22. Rxe2 Ng3 23. Re1 Nxe4 $17) 21...
cxd4 22. Bxd4 Nxf4 $17 23. gxf6 gxf6 24. Be3 $2 (24. Rf1 e5 {/\Ba3, קc3}) (24.
Nc2 $8) (24. Kd2 {Ftacnik} Rd8 25. Kc2 Ne2 26. Rd1 Bxa3 27. bxa3 e5 28. Be3
Rxd1 29. Kxd1 Nxc3+ 30. Kc2 Nxe4) (24. Nc2 {Ftacnik} b4 25. cxb4 $1 Ne2+ 26.
Kd2 Rxc2+ 27. Kxc2 Nxd4+ 28. Kd3 {/\ Rc1}) 24... Ne2+ 25. Kc2 (25. Kd2 Bxa3 26.
bxa3 Nxc3 {קe4,Pa2}) 25... Bxa3 26. bxa3 Nxc3 $19 27. Kd3 Na4 $1 (27... Nxa2
$4 28. Bd2 $1 {/\Ra1 פa2}) 28. h5 Kf7 29. h6 Nb2+ 30. Ke2 Rc2+ 31. Kf3 Nc4 32.
Bc1 e5 33. Rg1 Ke6 {Zugzwang, /\Rxa2,Nxa3} 0-1

[Event "Rishon Le Ziyyon YM"]
[Site "Rishon Le Ziyyon"]
[Date "1995.??.??"]
[Round "4"]
[White "Har Zvi, Ronen"]
[Black "Shmuter, Leonid"]
[Result "1-0"]
[WhiteElo "2500"]
[BlackElo "2480"]
[Annotator "Blatny,P"]
[PlyCount "59"]
[EventDate "1995.02.??"]
[EventType "tourn"]
[EventRounds "11"]
[EventCountry "ISR"]
[EventCategory "11"]
[SourceTitle "CBM 046"]
[Source "ChessBase"]
[SourceDate "1995.06.01"]
[SourceVersion "1"]
[SourceVersionDate "1995.06.01"]
[SourceQuality "1"]

1. e4 c5 2. c3 Nf6 3. e5 Nd5 4. d4 cxd4 5. Nf3 d6 6. cxd4 Nc6 7. Bc4 Nb6 8. Bb3
(8. Bb5 dxe5 9. Nxe5 Bd7 10. Nc3 Nxe5 11. dxe5 Bxb5 12. Nxb5 Qxd1+ 13. Kxd1
O-O-O+ 14. Ke2 Rd5 15. a4 Rxe5+ 16. Be3 Nd5 17. Rac1+ Kb8 18. Rhd1 e6 $15 {
Zuravlev-Rausis/Riga/1995/}) 8... d5 (8... dxe5 9. d5 Na5 10. Nc3 Nxb3 11. Qxb3
e6 12. Nxe5 (12. O-O exd5 13. Nxe5 Be7 $14 {Moldavsky-Gik/USSR/1968/}) 12...
exd5 (12... Nxd5 13. O-O $44) 13. Be3 Bd6 14. Qb5+ Bd7 15. Nxd7 Qxd7 16. O-O-O
Rd8 17. Kb1 O-O 18. Qxd7 Rxd7 19. Bxb6 axb6 20. Rxd5 {+/=/+/- _|_
Rausis-Krakopa/Riga/1995/}) 9. Nh4 $5 {Interesting idea against 9...Bf5.} e6
10. Nf3 Bd7 11. Nc3 Be7 12. Bc2 Nc4 13. O-O Qa5 14. a3 O-O-O (14... O-O $2 15.
Qd3 g6 16. b3 Nb6 17. Bh6 Rfc8 18. b4 $18) 15. Qd3 {/\פc3} g5 16. b3 g4 17.
Ng5 {קf7} (17. Nd2 $5) 17... N6xe5 (17... Nb2 18. Bxb2 Bxg5 19. Nb5 $14) (
17... Bxg5 18. Bxg5 {+/- ><g5,f6,e7,g7}) 18. dxe5 Nxe5 19. Qg3 Bd6 (19... Nf3+
20. gxf3 Qxc3 21. Ra2 {+/-/+-}) 20. Bf4 Qc7 21. Rfe1 (21. Kh1 $5) 21... Nf3+
22. Nxf3 Bxf4 23. Qxg4 Rhg8 (23... Bxh2+ 24. Nxh2 Qxc3 25. Qf3 $36) 24. Qh4 f5
25. Bxf5 $1 $18 (25. Qf6) 25... Kb8 (25... exf5 26. Nxd5 $18) (25... Qxc3 26.
Qxf4 {/\Rc1,קe6}) 26. Bxe6 Bxe6 27. Nb5 Qf7 28. Rxe6 {ץf4} Rd6 29. Nxd6 Qg7
30. g3 1-0

[Event "Tilburg"]
[Site "Tilburg"]
[Date "1993.??.??"]
[Round "3"]
[White "Rozentalis, Eduardas"]
[Black "Andersson, Ulf"]
[Result "1-0"]
[WhiteElo "2600"]
[BlackElo "2625"]
[Annotator "Blatny,P"]
[PlyCount "123"]
[EventDate "1993.11.??"]
[EventType "k.o."]
[EventRounds "7"]
[EventCountry "NED"]
[SourceTitle "CBM 039"]
[Source "ChessBase"]
[SourceDate "1994.04.01"]
[SourceVersion "1"]
[SourceVersionDate "1994.04.01"]
[SourceQuality "1"]

1. e4 c5 2. c3 d5 3. exd5 Qxd5 4. d4 Nf6 5. Nf3 Nc6 (5... Bg4 $5) 6. Be3 cxd4 (
6... e6 7. dxc5 $13) 7. cxd4 e6 (7... e5 $6 8. dxe5 Bb4+ 9. Nc3 Nxe5 10. Qxd5
Nxd5 11. Nxe5 Nxc3 12. a3 Bd6 13. Nc4 (13. Nxf7 Kxf7 14. bxc3 {+/-/+-}) 13...
Nb5 (13... Ne4 14. f3 b5 15. Nb6 $5 (15. fxe4 bxc4 16. Bxc4 $16) 15... axb6 16.
Bxb5+ Bd7 17. Bxd7+ Kxd7 18. fxe4 Rhe8 19. Kd2 {+/-/+- _|_}) 14. O-O-O Be7 (
14... Bc7 15. a4 $18) 15. Nb6 $1 axb6 16. Bxb5+ Kf8 17. Bxb6 $18) 8. Nc3 Qd6 {
IP Pd4} 9. a3 {/\Qd3,Bc2} Be7 10. Bd3 O-O 11. Qc2 (11. Qe2 {/\Rd1,Bb1}) 11...
Bd7 (11... b6 12. Nb5 Qd7 13. Ne5 Nxe5 14. dxe5 {->}) 12. O-O Rac8 13. Rad1
Rfd8 14. Rfe1 {<->e} Be8 {<->d} 15. Bc1 h6 (15... g6 {/^b1-h7}) 16. Qe2 Bf8 (
16... a6 {/\b5 -><<}) 17. Bb1 g6 18. Ba2 Bg7 (18... Ne7 19. Ne5 $14) 19. h3 Ne7
20. Ne5 Nf5 21. Bf4 Qa6 $2 (21... Nxd4 $142 22. Qe3 g5 $1 (22... Qb6 23. Nc4
Nf5 24. Nxb6 Nxe3 25. Nxc8 Nxd1 26. Ne7+ Kf8 27. Nxg6+ fxg6 28. Rxd1 Rxd1+ 29.
Nxd1 Ke7 $10) 23. Nxf7 (23. Bg3 Qc5 {/\Nh5-+}) 23... Qxf4 (23... gxf4 $2 24.
Nxd6 fxe3 25. Nxc8 exf2+ 26. Kxf2 $18) 24. Nxd8 Rxd8 25. Bxe6+ Kh8 $15) 22.
Qxa6 bxa6 23. d5 (23. Nxg6 fxg6 24. Bxe6+ Bf7 25. Bxc8 Rxc8 $13) 23... exd5 24.
Nxd5 $14 g5 25. Bh2 Kf8 26. Nc3 Rxd1 27. Rxd1 Kg8 28. Kf1 Bf8 29. Rd3 Kg7 30.
Ng4 Nxg4 31. hxg4 Ne7 32. Ke1 Ng6 33. Kd2 Nf4 34. Bxf4 gxf4 35. Bd5 Be7 36. Rd4
Bf6 37. Re4 Rd8 38. Kc2 Kf8 39. Bc4 $16 Rd4 40. Bxa6 Bc6 41. Rxd4 Bxd4 42. f3
Ke7 43. Kd3 Be5 44. b4 f6 45. Bc8 Be8 46. Bb7 h5 47. gxh5 Bxh5 48. Nb5 Bb8 49.
Kc4 Bf7+ 50. Kc5 Be8 51. Bc8 Kd8 52. Bf5 Ke7 53. Nd4 Bd6+ 54. Kd5 Be5 55. Nc6+
Bxc6+ 56. Kxc6 Bb2 57. a4 Bc3 58. b5 Ba5 59. Kb7 Bb6 60. Ka6 $1 $18 Kd6 61. a5
Bc5 62. Kb7 $1 (62. Kb7 Bd4 63. b6 axb6 64. a6 b5 65. a7 $18) 1-0

[Event "EU-chT (Men) 10th"]
[Site "Debrecen"]
[Date "1992.11.??"]
[Round "7.1"]
[White "Blatny, Pavel"]
[Black "Kotronias, Vasilios"]
[Result "1/2-1/2"]
[WhiteElo "2480"]
[BlackElo "2560"]
[Annotator "Blatny,P"]
[PlyCount "112"]
[EventDate "1992.11.20"]
[EventType "team-swiss"]
[EventRounds "9"]
[EventCountry "HUN"]
[SourceTitle "EU-chT"]
[Source "ChessBase"]
[SourceDate "1999.07.01"]
[SourceVersion "2"]
[SourceVersionDate "1999.07.01"]
[SourceQuality "1"]
[WhiteTeam "Czechoslovakia"]
[BlackTeam "Greece"]
[WhiteTeamCountry "CSR"]
[BlackTeamCountry "GRE"]

1. e4 c5 2. c3 Nf6 3. e5 Nd5 4. d4 cxd4 5. Nf3 Nc6 6. Bc4 Nb6 7. Bb3 d5 8. exd6
Qxd6 9. O-O Be6 10. Na3 Bxb3 11. Qxb3 e6 12. Rd1 Qd5 13. Nb5 O-O-O 14. Nxa7+
Nxa7 15. Qxb6 Bc5 16. Qa5 Nc6 17. Qa8+ Kc7 18. Qa4 d3 (18... e5 19. b4 $5 (19.
cxd4 Nxd4 20. Nxd4 Bxd4 21. Be3 $14)) 19. Ne1 g5 (19... Ne5 $2 20. Bf4 Bd6 21.
Bxe5 Qxe5 22. g3 {/\ Nd3}) 20. Rxd3 Qf5 21. Rf3 Qg6 22. Be3 (22. h3 h5 $132)
22... g4 23. Rg3 (23. Qf4+ $2 Kc8 24. Rg3 Bd6) 23... Bxe3 24. Rxe3 Rd5 (24...
Rd2 $2 25. Qf4+) (24... h5 25. Qc4 h4 26. Nd3 $16 {/\ b4-b5}) 25. b4 Qf5 (25...
Rd2 26. b5 Qf6 27. Nd3 Rd8 $8 28. bxc6 R8xd3 29. Rf1 $1 $40 {עc7}) 26. Rd1
Rhd8 27. Rxd5 Rxd5 28. Re2 h5 29. Kf1 h4 (29... b5 30. Qa6 {/\ a4->}) 30. Qc2
Qf4 31. Kg1 (31. g3 $2 hxg3 32. hxg3 Qh6 33. Qe4 (33. Re4 $4 Rd2 $19) 33... Re5
34. Qg2 Rxe2 35. Kxe2 Qc1 $17) 31... Qc4 32. Re4 Re5 33. Rxe5 Nxe5 34. Qd2 Ng6
35. f3 (35. Nd3 Qd5 $44) 35... g3 (35... Nf4 {>=} 36. fxg4 Ne2+ 37. Kh1 Nxc3
38. Qf2 e5) 36. Nd3 (36. hxg3 hxg3 37. Nd3 Qh4 38. Qe3 b6 $44) 36... Qd5 37. a4
(37. hxg3 {>=} hxg3 38. a4 Qh5 (38... Ne5 39. Qf4 f6 40. Ne1 $18) 39. Qe3 b6
40. Kf1 $1 {/\ Ke2+/-} (40. a5 $2 Qh2+ (40... bxa5 41. Qa7+) 41. Kf1 Qh1+ 42.
Qg1 Qxg1+ 43. Kxg1 bxa5 44. bxa5 Kc6 45. Nb4+ Kb5 46. a6 Kb6 {/\ Nf4= עg1, g2,
a6})) 37... Ne5 (37... gxh2+ {>=} 38. Kxh2 Qd6+ $1 39. f4 e5 40. Qe3 exf4 41.
Qf3 $14) 38. Qf4 f6 39. Qxf6 (39. Ne1 Qd1 40. Kf1 gxh2 (40... h3 $2 41. Qxg3
$18) 41. Qxh2 $16) 39... Nxd3 40. hxg3 hxg3 41. Qg7+ Kc6 42. Qxg3 Nb2 43. a5 (
43. b5+ $6 Kb6 44. Qf2+ $2 Qc5 45. g4 Nxa4 46. g5 Nxc3 47. g6 Nd5 $19) 43...
Kb5 44. Qc7 Nc4 (44... Ka4 $5) 45. Qf4 (45. Qb8 $5) 45... Ka4 46. g4 Kb3 (46...
Qd1+ 47. Kf2 Qc2+ 48. Kg3 Qxc3 49. g5 $132) 47. g5 Ne5 (47... Kxc3 48. Qf6+
Kxb4 (48... Qd4+ $4 49. Qxd4+ Kxd4 50. g6 $18) (48... Qe5 $4 49. f4 Qxf6 50.
gxf6 Nd6 51. b5 $18) 49. g6 Qd1+ 50. Kf2 Qd2+ $10) 48. Kg2 Kxc3 49. Kg3 Kb3 50.
b5 Qxb5 51. Qe3+ Ka4 52. f4 Nc6 (52... Qd3 $2 53. Qxd3 Nxd3 54. g6 Nc5 55. g7
Ne4+ 56. Kg4 Nf6+ (56... Kxa5 57. f5 e5 58. Kh4 Nf6 59. Kg5 Ng8 60. f6 $18) 57.
Kg5 Ng8 58. Kg6 Kxa5 59. Kf7 Nh6+ 60. Kxe6 b5 61. f5 b4 62. f6 b3 63. f7 $18)
53. Qxe6 Qd3+ 54. Kh4 Nd4 (54... Nxa5 $2 55. g6 {/\ Kg5, g7+-}) 55. Qd7+ Kxa5
56. Qxb7 Nf5+ 1/2-1/2

[Event "Budapest FS03 GM"]
[Site "Budapest"]
[Date "1996.??.??"]
[Round "2"]
[White "Keitlinghaus, Ludger"]
[Black "Fogarasi, Tibor"]
[Result "1-0"]
[WhiteElo "2475"]
[BlackElo "2500"]
[Annotator "Blatny,P"]
[PlyCount "43"]
[EventDate "1996.03.??"]
[EventType "tourn"]
[EventRounds "13"]
[EventCountry "HUN"]
[EventCategory "9"]
[SourceTitle "CBM 053"]
[Source "ChessBase"]
[SourceDate "1996.08.01"]
[SourceVersion "1"]
[SourceVersionDate "1996.08.01"]
[SourceQuality "1"]

1. e4 c5 2. c3 d5 3. exd5 Qxd5 4. d4 Nc6 5. Nf3 Bg4 6. Be2 e6 (6... cxd4 $142
7. cxd4 e6) 7. h3 Bh5 8. c4 Qd6 (8... Qd7 9. g4 Bg6 10. d5 exd5 11. cxd5 Nb4
12. Ne5 Qxd5 13. Bb5+ Kd8 14. O-O Kc7 15. Nc3 Qxd1 16. Rxd1 a6 17. Bf4 $1 Kb6
18. Bc4 Nf6 19. a3 Nc6 20. Na4+ Ka7 21. Nxc6+ bxc6 22. g5 Nd5 23. Bxd5 cxd5 24.
Rxd5 $18 {Adamski,A-Schneider,LA/Wroclaw/1981/}) (8... Qd8 9. d5 exd5 10. g4
Bg6 11. cxd5 Qa5+ 12. Nbd2 Nd4 13. Nxd4 cxd4 14. O-O $36 d3 15. Bf3 Qa6 16.
Re1+ Be7 17. d6 $1 Qxd6 18. Nc4 Qd7 19. Ne5 Qb5 20. a4 Qa6 21. b4 Rd8 22. b5
Qd6 23. Ba3 $40 {Dorfman-Lukin /URS-ch qual/1975/}) 9. d5 $5 (9. g4 Bg6 10. d5
Nb4 (10... Nb8 11. Nc3 a6 12. Qb3 $16) (10... exd5 11. cxd5 Nb4 12. Qa4+ Kd8
13. Na3 $40) 11. O-O $1 f6 $2 (11... Nc2 12. Na3 Nxa1 13. Be3 exd5 14. cxd5 Nf6
15. Qa4+ Kd8 16. Nc4 Qc7 17. Rxa1 $44) (11... exd5 $5) 12. Nc3 Nc2 (12... exd5
13. cxd5 O-O-O 14. Bc4 Nc2 15. Nb5 Qb8 16. Rb1 Nd4 17. Nfxd4 Bxb1 18. Ne6 Bg6
19. Bf4 Qa8 20. Nbc7 Qb8 21. Nxd8 $18) 13. Nb5 Qb6 14. Bf4 e5 15. Nxe5 $1 fxe5
16. Bxe5 O-O-O 17. g5 $1 h5 18. Rc1 Nb4 19. Bc7 $18 {Nunn,J-Sher,M/Vejle/1994/}
) 9... Bxf3 10. Bxf3 Nd4 11. dxe6 $146 (11. Qa4+ $2 b5 $1) (11. Be3 e5 12. Nc3
a6 13. O-O Nf6 14. Bxd4 exd4 15. Qa4+ Kd8 16. Nb5 Qd7 17. Qa5+ Kc8 18. Na3 Bd6
19. b4 Qc7 $10 {Jicman,L-Rusu,C/ROM-chT/1994/}) (11. O-O e5 $5 (11... Nf6 $6
12. dxe6 fxe6 13. Bxb7 Rb8 14. Bf3 Be7 15. Nc3 $16 {Dutschak,H-Winkler,A/
WÜRT-MM8990/1990/}) 12. Nc3 $5 (12. Re1 O-O-O 13. b4 $1 cxb4 $1 14. Be3 Qb6 15.
Nd2 Bc5 16. Nb3 Nf6 $1 17. Rb1 Nxb3 18. Rxb3 Nd7 19. Bg4 Kc7 $15 (19... Kb8 $6
20. Bxd7 $1 Rxd7 21. Qg4 $14 {Khmelnitsky,I-Dlugy,M/New York op/1992/})) 12...
O-O-O 13. Be3 f5 14. b4 $1 $40) 11... Qxe6+ 12. Be3 Qxc4 (12... Nxf3+ $142 13.
Qxf3 O-O-O (13... Qb6 14. Nd2 Qxb2 $4 15. Rb1 Qe5 16. Rxb7 $18) 14. Nd2 $10)
13. Bxd4 cxd4 (13... Qxd4 14. Qe2+ Be7 15. Nc3 $40) 14. Nd2 Qb5 (14... Qe6+ 15.
Kf1 $1 {/\g3,Kg2, -> /^h1-a8,<->e,c}) 15. a4 Qa6 (15... Qe5+ 16. Kf1 O-O-O 17.
g3 $5 (17. Rc1+ Kb8 18. Bxb7 Kxb7 19. Qb3+ Ka8 20. Qf3+ Kb8 $8 21. Qb3+ $10)
17... Kb8 18. Kg2 Nf6 19. Qb3 $36) 16. Qb3 O-O-O $4 (16... Rb8 17. Be2 Qe6 (
17... Qd6 18. Bb5+ Kd8 19. O-O $1 $40) 18. Qb5+ Kd8 19. O-O {/\-> עd8}) (16...
Qe6+ $142 17. Qxe6+ fxe6 18. Bxb7 Rb8 $10) 17. Rc1+ Kb8 18. Rc6 $1 b6 (18...
Qa5 $4 19. Rc8+ $1 Kxc8 20. Qxb7#) (18... Re8+ $2 19. Kd1 Qa5 20. Re6 $1 $18)
19. Qxf7 Bd6 20. Rxd6 $18 Rxd6 21. Qf8+ Kc7 22. Qxg7+ 1-0

[Event "Pamplona 9293 3rd"]
[Site "Pamplona"]
[Date "1992.??.??"]
[Round "4"]
[White "Magem Badals, Jordi"]
[Black "Illescas Cordoba, Miguel"]
[Result "1-0"]
[WhiteElo "2510"]
[BlackElo "2600"]
[Annotator "Blatny,P"]
[PlyCount "47"]
[EventDate "1992.12.??"]
[EventType "tourn"]
[EventRounds "9"]
[EventCountry "ESP"]
[EventCategory "13"]
[SourceTitle "CBM 033"]
[Source "ChessBase"]
[SourceDate "1993.04.01"]
[SourceVersion "1"]
[SourceVersionDate "1993.04.01"]
[SourceQuality "1"]

1. e4 c5 2. Nf3 e6 3. c3 Nf6 (3... d5 4. exd5 {--> ChessBase:Alapin diskette})
4. e5 Nd5 5. Bc4 (5. d4 $142 cxd4 6. cxd4 d6 (6... b6)) 5... Nb6 6. Bb3 {
/\d4 [+]} c4 7. Bc2 d6 8. exd6 Bxd6 9. d4 cxd3 $6 10. Qxd3 Nc6 11. O-O Qc7 (
11... Be7 $14) 12. Rd1 $1 Be7 13. Na3 Bxa3 (13... a6 $5) 14. bxa3 Nd7 (14...
Bd7 $142 15. Be3 O-O-O $132) 15. a4 $1 {/\/^a3-f8} b6 {/\Nc5;/\Bb7,0-0-0} 16.
Ba3 Bb7 (16... Nc5 17. Qe3 Qe7 18. Nd4 $40) 17. Bd6 Qd8 18. Qe3 Na5 19. Ng5 Qf6
20. Ne4 Bxe4 21. Qxe4 Rc8 (21... Rd8 $142) 22. Bd3 $1 e5 (22... Qxc3 23. Bb4
Qc7 (23... Qf6 24. Bb5 Rd8 25. Qd3 $18) 24. Bxa5 bxa5 25. Bb5 $18) 23. Bb5 Qe6
24. Bb4 {פd7} (24. Bb4 Nc6 25. Rd6 $18) 1-0

[Event "URS-ch57"]
[Site "Leningrad"]
[Date "1990.??.??"]
[Round "?"]
[White "Rozentalis, Eduardas"]
[Black "Dvoirys, Semen I"]
[Result "1/2-1/2"]
[WhiteElo "2565"]
[BlackElo "2555"]
[Annotator "Boensch,U"]
[PlyCount "92"]
[EventDate "1990.10.??"]
[EventType "tourn"]
[EventRounds "13"]
[EventCountry "URS"]
[EventCategory "14"]
[SourceTitle "URS-ch"]
[Source "ChessBase"]
[SourceDate "1999.07.01"]
[SourceVersion "1"]
[SourceVersionDate "1999.07.01"]
[SourceQuality "1"]

1. e4 c5 2. c3 Nf6 3. e5 Nd5 4. g3 Nc6 5. Bg2 Qc7 (5... e6 6. f4 d6 $10) 6. f4
e6 7. Qe2 Be7 8. Nf3 d6 9. d3 O-O 10. O-O a6 (10... b5 11. c4 bxc4 12. dxc4 Nb6
13. exd6 Bxd6 14. Nc3 $14) 11. Nbd2 dxe5 12. fxe5 b5 13. a4 (13. c4 Nb6 14. b3
Bb7 15. Bb2 $13) 13... Bb7 14. axb5 axb5 15. Rxa8 Bxa8 16. Kh1 b4 17. c4 Nb6
18. Nb3 Nd7 19. Bf4 Rd8 20. h4 h6 21. Qe3 Nf8 22. h5 Bb7 23. Kh2 Na5 24. Nc1 (
24. Nxa5 Qxa5 $15) 24... Nh7 25. Qf2 Bxf3 26. Qxf3 Ng5 27. Qf2 Rd7 28. Qe2 Nc6
29. Nb3 Na5 30. Nd2 Nc6 31. Nb3 Nd4 32. Nxd4 Rxd4 33. Re1 Rd8 34. Bf1 Qd7 35.
Qg2 Qd4 36. Ra1 Bf8 37. Ra7 Rd7 38. Rxd7 Qxd7 39. Qf2 Be7 40. Be3 Qc7 41. Bf4
Qc6 42. Be2 Qc7 43. Qg2 Qd8 44. Bd1 Qc7 45. Qa8+ Bf8 46. Bxg5 hxg5 1/2-1/2

[Event "Dortmunder Schachtage-B 18th"]
[Site "Dortmund"]
[Date "1990.04.16"]
[Round "11"]
[White "Schmittdiel, Eckhard"]
[Black "Polgar, Judit"]
[Result "1-0"]
[WhiteElo "2455"]
[BlackElo "2550"]
[Annotator "Boensch,U"]
[PlyCount "95"]
[EventDate "1990.04.05"]
[EventType "tourn"]
[EventRounds "11"]
[EventCountry "GER"]
[EventCategory "9"]
[SourceTitle "CBM 018"]
[Source "ChessBase"]
[SourceDate "1990.10.01"]
[SourceVersion "1"]
[SourceVersionDate "1990.10.01"]
[SourceQuality "1"]

1. e4 {Bönsch} c5 2. c3 d5 3. exd5 Qxd5 4. d4 Nc6 5. Nf3 Nf6 {5...cd4; 5...Lg4}
6. dxc5 Qxc5 (6... Qxd1+ 7. Kxd1 Bf5 8. Bb5 e5 9. b4 O-O-O+ 10. Ke2 Nd5 11.
Bxc6 bxc6 12. Bd2 f6 $44 {Blatny,P - Gross,S CSSR (CH) 1988}) 7. Be3 (7. Na3
Ng4 8. Qe2 Bf5 9. h3 Bd3 10. Qxd3 Qxf2+ 11. Kd1 Rd8 12. Qxd8+ Kxd8 13. hxg4 $16
{Blatny,P - Wang Zili Thessaloniki (ol) 1988}) 7... Qa5 8. Na3 Bg4 {8...Sd5!?}
9. Qb3 $1 O-O-O (9... Bxf3 10. gxf3 O-O-O 11. Qxf7 $16) 10. Ng5 Nd4 11. Qc4+
Kb8 12. Bxd4 Qxg5 13. Nb5 $18 Nd5 14. Bxa7+ Ka8 15. Bd4 Qf4 16. f3 Bf5 17. Qa4+
Kb8 18. Qa7+ Kc8 19. Qa8+ Qb8 20. Qxb8+ Kxb8 21. O-O-O f6 22. c4 g6 23. Be3 (
23. cxd5 $2 Bh6+ 24. Rd2 Rxd5 $17) 23... Nxe3 24. Rxd8+ Bc8 25. f4 e5 26. g3
exf4 27. gxf4 Bg7 28. Rxh8 Bxh8 29. Bd3 Ng2 30. Rf1 Bg7 31. Nc3 Bh6 32. Nd5 Be6
33. Nxf6 Bxf4+ 34. Kb1 g5 35. Nxh7 Ne3 36. Re1 Bh3 37. Nf6 Ng2 38. Re8+ Ka7 39.
Rh8 g4 40. Be4 Be5 41. Rh6 Ne3 42. b3 Nf1 43. Kc2 Nxh2 44. c5 Bf1 45. Rh7 Bxf6
46. Rxb7+ Ka6 47. Rb6+ Ka5 48. Bc6 1-0

[Event "Rostock-04 IM Group"]
[Site "Rostock"]
[Date "1978.08.29"]
[Round "3"]
[White "Braun, Gottfried"]
[Black "Schurade, Matthias"]
[Result "1/2-1/2"]
[WhiteElo "2370"]
[BlackElo "2350"]
[Annotator "Braun,G"]
[PlyCount "56"]
[EventDate "1978.08.27"]
[EventType "tourn"]
[EventRounds "9"]
[EventCountry "DDR"]
[SourceTitle "EXT 2001"]
[Source "ChessBase"]
[SourceDate "2000.11.22"]
[SourceVersion "1"]
[SourceVersionDate "2000.11.22"]
[SourceQuality "1"]

1. e4 c5 2. c3 Nf6 3. e5 Nd5 4. d4 cxd4 5. Nf3 Nc6 $5 6. cxd4 d6 7. Bc4 dxe5 $6
8. Bxd5 $1 {Ein Vorschlag von Kaidanov} Qxd5 9. Nc3 Qc4 $6 {Als relativ
sicherste Fortsetzung gilt} (9... Qd6) 10. d5 Nb4 (10... Nb8) (10... Nd8) 11.
Nxe5 Qa6 12. a3 {Das mit diesem Zug verbundene Qualitätsopfer stellt den
schwarzen Aufbau in Frage.} Bf5 13. axb4 Qxa1 14. O-O Qa6 15. Re1 (15. Qf3 g6
16. g4 f6) 15... g6 $2 {Hinhaltenden Widerstand leistete} (15... f6 {-der
schwarze König kann eventuell nach f7 ausweichen- ,doch ist die weiße Stellung
nach} 16. b5 {nebst 17.Nc4 wohl vorzuziehen.}) 16. b5 Qb6 17. d6 $1 Rd8 18. d7+
$2 {Ursprünglich war} (18. Nc4 $1 {nebst 19.Nd5 beabsichtigt}) 18... Bxd7 19.
Be3 (19. Nc4 Be6 $1) (19. Nd5 Be6 $1) 19... Qd6 (19... Be6 20. Qa4) 20. Qxd6
exd6 21. Nxg6 hxg6 (21... fxg6 {führt zu ähnlichem Ergebnis}) 22. Bd4+ Be6 23.
Bxh8 {Das Schlachtengetümmel ist vorüber, von den gelichteten Heerscharen sind
keine Heldentaten mehr zu erwarten.} d5 24. Bd4 b6 25. Ra1 Rd7 26. Kf1 Bc5 27.
Rd1 Ke7 28. Ke2 g5 1/2-1/2